Number from 0 to 50 in French - Statistics

General Stats
  • This quiz has been taken 24 times
  • The average score is 30 of 51
Answer Stats
Digit Number in French % Correct
1 Un
94%
0 Zéro
89%
2 Deux
83%
3 Trois
83%
5 Cinq
78%
9 Neuf
78%
7 Sept
78%
6 Six
78%
10 Dix
72%
8 Huit
72%
11 Onze
72%
4 Quatre
72%
17 Dix-sept
67%
12 Douze
67%
18 Dix-huit
61%
19 Dix-neuf
61%
14 Quatorze
61%
50 Cinquante
56%
16 Seize
56%
13 Treize
56%
20 Vingt
56%
40 Quarante
50%
45 Quarante-cinq
50%
42 Quarante-deux
50%
41 Quarante et un
50%
48 Quarante-huit
50%
49 Quarante-neuf
50%
44 Quarante-quatre
50%
47 Quarante-sept
50%
46 Quarante-six
50%
43 Quarante-trois
50%
15 Quinze
50%
30 Trente
50%
35 Trente-cinq
50%
32 Trente-deux
50%
31 Trente et un
50%
38 Trente-huit
50%
39 Trente-neuf
50%
34 Trente-quatre
50%
37 Trente-sept
50%
36 Trente-six
50%
33 Trente-trois
50%
25 Vingt-cinq
50%
22 Vingt-deux
50%
21 Vingt et un
50%
28 Vingt-huit
50%
29 Vingt-neuf
50%
24 Vingt-quatre
50%
27 Vingt-sept
50%
26 Vingt-six
50%
23 Vingt-trois
50%
No matching quizzes found
Score Distribution
Percent of People with Each Score
Percentile by Number Answered
Your Score History
You have not taken this quiz